000 00844cam a2200289Ia 4500
999 _c8988
_d8988
001 8988
003 BD-JhCC
005 20180716181227.0
008 090622s2008 nyua sb 001 0 eng d
029 1 _aNZ1
_b13101987
035 _a(BD-JhCC)8988
040 _aGW5XE
_cGW5XE
_dBD-JhCC
041 0 _aeng
050 1 4 _aQA453
_b.A1313 2008
082 0 4 _a516.22
_222
_bBRO 1962
100 1 _aBrown, Kenneth E.
245 1 0 _ageometry :
_bPlane and solid /
_cKenneth E. Brown and Gaylord C. Montgonery
260 _aNew Jersey :
_bLaidlaw Brothers,
_c1962.
300 _a576 p. :
_bill. ;
_c24 cm.
504 _aIncludes bibliographical references and index.
650 0 _aGeometry, Plane.
650 0 _aGeometry, Solid.
655 7 _aElectronic books.
_2local
700 _aMontgonery, Gaylord C.
942 _2ddc
_cBK